000 00488 a2200181 4500
020 _a9780070702622
082 _a006.42
090 _c7466
_d7466
100 _aGonzalez, Rafael C
110 _aWoods, Richard
245 _aDigital Image processing using MATLAB
_cRafael C Gonzalez
250 _a2nd ed.
260 _aNew Delhi
_bPearson education
_c2010
300 _a738 p.
650 _aImage processing--Digital techniques
700 _aRafael C Gonzalez
942 _cBK
_k006.42 GON
999 _c11269
_d11269